000 04237njm a2200637Ia 4500
001 25675
003 IT-RoPAU
005 20220918181123.0
008 131025s9999 xx 000 0 und d
040 _aIT-RoPAU
040 _cIT-RoPAU
999 _c99981
_d99981
999 _bn.d.
100 _aAA.VV.
_9794
100 _eAutore musica
_913448
100 _gCodice autore musica SPICS: 12000
_9796
245 _aGrandi della chitarra (I)
250 _a2a ed.
260 _aMILANO
260 _bMUSICA JAZZ
_c1982 [1a Ed.:]
300 _aDISCO
300 _c44 minuti (Testo: pag.)
500 _aDisco fuori commercio allegato al n. 1 di "Musica Jazz". Evoluzione stilistica della chitarra nel jazz. Blues vocale.
505 _aThe Risin' Sun [(New York, 15 novembre 1928) (Alexander Texas) (4:00)] - Guitar Blues [(New York, 7 maggio 1929) (Lang Eddie) (4:00)] - Church Street Sobbin' Blues [(New York, 5 novembre 1928) (Lang Eddie) (4:00)] - Them There Eyes (3:00) - Appel Direct [(Parigi, 14 giugno 1938) (3:00)] - Rose Room [(New York, 2 ottobre 1939) (Goodman Benny) (3:00)] - Solo Flight [(New York, 4 febbraio 1941) (Goodman Benny) (3:00)] - Rebecca [(New York, 7 aprile 1950) (Bauer Billy) (4:00)] - Why Was I Born [(Hackensack, 7 marzo 1958) (Burrell Kenny) (4:00)] - Airegin [(New York, 26 gennaio 1960) (Montgomery Wes) (5:00)] - Ela me Deixou-She Has Gone [(New York, 28 settembre 1962) (Byrd Charlie) (3:00)] - Will You Still Be Mine? [(New York, 1 maggio 1964) (Benson George) (5:00)] - St. Thomas [(New York, 4 agosto 1972) (Hall Jim) (5:00)]
511 _aAlexander Texas: Voc, Lang Eddie: Chit, Johnson Lonnie: Chit
511 _aLang Eddie: Chit Acc. da Signorelli Frank: P
511 _aQuintette du Hot Club de France
511 _aBenny Goodman Sextet
511 _aBenny Goodman and his Orchestra
511 _aBauer Billy: Chit, Konitz Lee: Alto
511 _aBurrell Kenny: Chit, Coltrane John: Ten
511 _aHall Jim: Chit, Carter Ron: Cb
650 _aJAZZ [DISCHI]
_eCodice MATERIA SPICS: 9950
_913449
700 _aAlexander Texas
_dCodice autore musica SPICS: 16171
_eAutore musica
_pThe Risin' Sun
_913450
700 _aJohnson Lonnie
_dCodice autore musica SPICS: 16173
_eAutore musica
_pGuitar Blues
_913451
700 _aLang Eddie
_dCodice autore SPICS: 16172
_eAutore
_pGuitar Blues
_913452
700 _aCrawley Lada
_dCodice autore musica SPICS: 27777
_eAutore musica
_pChurch Street Sobbin' Blues
_913453
700 _aHunez
_dCodice autore SPICS: 27778
_eAutore
_pChurch Street Sobbin' Blues
_913454
700 _aPinkard Maceo
_dCodice autore musica SPICS: 16174
_eAutore musica
_pThem There Eyes
_913455
700 _aTracey William
_dCodice autore SPICS: 20296
_eAutore
_pThem There Eyes
_913456
700 _aTauber Doris
_dCodice autore testo/musica SPICS: 20857
_eAutore testo/musica
_pThem There Eyes
_913457
700 _aReinhardt Django
_dCodice autore musica SPICS: 16176
_eAutore musica
_pAppel Direct
_913458
700 _aGrappelli Stephane
_dCodice autore SPICS: 16178
_eAutore
_pAppel Direct
_913459
700 _aWilliams
_dCodice autore musica SPICS: 20150
_eAutore musica
_pRose Room
_913460
700 _aHickman
_dCodice autore SPICS: 20925
_eAutore
_pRose Room
_913461
700 _aChristian
_dCodice autore musica SPICS: 10823
_eAutore musica
_pSolo Flight
_913462
700 _aGoodman Benny
_dCodice autore SPICS: 10538
_eAutore
_pSolo Flight
_913463
700 _aMundy
_dCodice autore testo/musica SPICS: 20407
_eAutore testo/musica
_pSolo Flight
_913464
700 _aKonitz Lee
_dCodice autore musica SPICS: 11301
_eAutore musica
_pRebecca
_913465
700 _aKern Jerome
_dCodice autore musica SPICS: 10779
_eAutore musica
_pWhy Was I Born
_913466
700 _aHammerstein Oscar
_dCodice autore SPICS: 15701
_eAutore
_pWhy Was I Born
_913467
700 _aRollins Sonny
_dCodice autore musica SPICS: 16190
_eAutore musica
_pAiregin - St. Thomas
_913468
700 _aByrd Charlie
_dCodice autore musica SPICS: 16183
_eAutore musica
_pEla me Deixou-She Has Gone
_913469
700 _aDennis Matt
_dCodice autore musica SPICS: 23712
_eAutore musica
_pWill You Still Be Mine?
_913470
700 _aAdair Solange
_dCodice autore SPICS: 5750
_eAutore
_pWill You Still Be Mine?
_913471
942 _cMD
_2ddc